01612nam a2200397 a 450000100060000000300080000600500170001400600190003100700150005000800410006502400100010603500230011603500240013903500250016303500210018804000260020905000220023508000080025708200120026510000250027724501280030226000490043030000110047950001020049052001490059253301640074165000400090565000360094565000390098165000370102065500270105770000320108471000190111685600620113599900170119789878FlNmELB20241217171908.0m o d | cr cn|||||||||201201r2012 cu |||||s|||||||||||spa d8 zTesis a(MiAaPQ)EBC3200993 a(Au-PeEL)EBL3200993 a(CaPaEBR)ebr10584282 a(OCoLC)929370048 aFlNmELBbspacFlNmELB 4aLA173bM5781 2012 a37804a3782221 aMesa Anoceto, Magda.10aAsesoría estadística con enfoque procesal en la investigación del deporteh[recurso electronico]cMagda Mesa Anoceto. aLa Habana :bEditorial Universitaria,c2012. a127 p. aTesis (doctorado) - Universidad de Ciencias de la Cultura Física y el Deporte "Manuel Fajardo". aAborda el proceso de investigación científica en el deporte, enmarcando el campo de acción en la asesoría estadística en este proceso. aRecurso electrónico. Santa Fe, Arg.: e-libro, 2015. Disponible vía World Wide Web. El acceso puede estar limitado para las bibliotecas afiliadas a e-libro. 4aEducación.xEducación física. 4aEducation.xPhysical education. 4aDeportes y Recreación.xGeneral. 4aSports and Recreation.xGeneral. 4aLibros electrónicos.1 aRuiz Iglesias, Magaly.4drt2 ae-libro, Corp.40uhttps://elibro.net/ereader/politecnicointernacional/90451 c89878d89878